Las guerras civiles desde 1830 y su proyección en el siglo XX (Record no. 18752)

MARC details
000 -LEADER
campo de control de longitud fija 00550nam a2200145Ia 4500
008 - DATOS DE LONGITUD FIJA--INFORMACIÓN GENERAL
campo de control de longitud fija 231129s2001||||xx |||||||||||||| ||spa||
020 ## - NÚMERO INTERNACIONAL ESTÁNDAR DEL LIBRO
Número Internacional Estándar del Libro 958-96213-6-8
040 ## - FUENTE DE CATALOGACIÓN
Lengua de catalogación spa
082 ## - NÚMERO DE LA CLASIFICACIÓN DECIMAL DEWEY
Número de clasificación 986.104 M533g
100 ## - ENTRADA PRINCIPAL--NOMBRE DE PERSONA
Nombre de persona Memorias de la II Cátedra Anual de Historia "Ernesto Restrepo Tirado": (22 23 y 24 de Octubre de 1997: Museo Nacional de Colombia Bogotá)
245 #0 - MENCIÓN DEL TÍTULO
Título Las guerras civiles desde 1830 y su proyección en el siglo XX
260 ## - PUBLICACIÓN, DISTRIBUCIÓN, ETC.
Fecha de publicación, distribución, etc. 2001
264 ## - PRODUCCIÓN, PUBLICACIÓN, DISTRIBUCIÓN, FABRICACIÓN Y COPYRIGHT
Producción, publicación, distribución, fabricación y copyright Museo Nacional de Colombia
942 ## - ELEMENTOS DE ENTRADA SECUNDARIOS (KOHA)
Fuente del sistema de clasificación o colocación Clasificación Decimal Dewey
Tipo de ítem Koha
Holdings
Estatus retirado Estado de pérdida Fuente del sistema de clasificación o colocación Estado de daño No para préstamo Biblioteca de origen Biblioteca actual Fecha de adquisición Total de préstamos Signatura topográfica completa Código de barras Visto por última vez Copia número Precio de reemplazo Tipo de ítem Koha
    Clasificación Decimal Dewey     BIBLIOTECA PÚBLICA MUNICIPAL RAMON CORREA MEJIA BIBLIOTECA PÚBLICA MUNICIPAL RAMON CORREA MEJIA 18/04/2013   986.104 M533g 22122 29/11/2023 1 29/11/2023 Libros

Powered by Koha